00399nam a2200157Ia 45000010006000000050017000060080041000230410008000640820016000721000025000882450075001132600009001883000028001976500008002256540008002331324620260306163039.0260306t2008||||xx |||||||||||||| ||spa|| aESP a001.42bG49 aGiroux, SylvaineAUT 0aMetodología de las ciencias humanas:bla investigación en acción c2008 a280 páginas :c27 cm. aGEN aCHU